| 000 | 00573nam a2200157 4500 | ||
|---|---|---|---|
| 001 | 132832 | ||
| 003 | ES-MaACL | ||
| 005 | 20230906194247.0 | ||
| 007 | t| | ||
| 008 | 070214s1913 fr r ||||1| fre d | ||
| 100 | 1 |
_aRosenstiehl, M. A. _999755 |
|
| 245 | 1 | 0 |
_aTraité de la couleur au point de vue physique, physiologique et esthétique _b: comprenat l'exposé del'etat actuel de la question del'harmonie des couleurs / _cM. A. Rosenstiehl. |
| 260 |
_aParis : _b[s.n.], _c1913 ( _fDeslis Fréres) |
||
| 300 |
_aXV, 277 p., 14 lám. ; _c25 cm. |
||
| 852 |
_aES-MaACL _jF-7765 |
||
| 999 |
_c132832 _d132832 |
||